000 00845cab a22002415a 4500
001 L159024
008 150113e2015 xxk 000 0 eng d
035 _a(Sirsi) u159024
041 0 _aeng
100 1 _aSmith, Philip
245 0 0 _aAttention to detailing
_h[electronic resource]
260 _c2015
490 _aRICS Building Surveying Journal
_vDecember 2015 - January 2016, 20-21 (2)
520 _aDescribes different internal wall insulation options and their potential for energy saving.
650 2 4 _aTHERMAL BRIDGES
650 2 4 _aINSULATION
650 2 4 _aENERGY SAVING
650 2 4 _aU-VALUE
651 4 _aUnited Kingdom
_y
690 _aSustainability
_96271
856 4 0 _uhttps://www.rics.org/Global/Building_Surveying_Journal_December_2015_January_2016.pdf
_zView the article free of charge at www.rics.org...
942 _n0
999 _c84779
_d84779